| 000 | 00790nam a2200265Ia 4500 | ||
|---|---|---|---|
| 003 | OSt | ||
| 005 | 20220928125136.0 | ||
| 006 | a|||||r|||| 00| 0 | ||
| 007 | ta | ||
| 008 | 220927b |||||||| |||| 00| 0 eng d | ||
| 024 | _a68524 | ||
| 037 | _cTextual | ||
| 040 |
_aSDCL _cSDCL _beng |
||
| 041 |
_2eng _aeng |
||
| 082 | _aO122,6J33:g, P5 | ||
| 100 |
_aDe Montaigne Michel Au. _9468109 |
||
| 245 | 0 | _aCambridge companion to Montaigne | |
| 260 |
_aCambridge _bCambridge University Press _c2005 |
||
| 300 |
_axvii,247p _ccm. |
||
| 490 | _aCambridge companion to Montaigne | ||
| 650 |
_aMontaigne _9468110 |
||
| 700 |
_a Langer Ulrich Ed. _9468111 |
||
| 942 |
_hO122,6J33:g, P5 _cTEXL _2CC |
||
| 999 |
_c780990 _d780990 |
||